Most Influencial World Leaders (1900s) Quiz Stats

Quiz not verified by Sporcle

Challenge
Share
Tweet
Embed
Score 0/6 Timer 01:00
0 Plays Today
Country % Correct
Germany(WW2)Adolph Hitler
97.8%
Russia(WW2)Joseph Stalin
94.5%
England/UK(WW2) Once RemovedWinston Churchill
87.8%
USA(WW2)Franklin D. Roosevelt
86.8%
Italy(WW2)Bennito Mussolini
82.8%
USA(WW1)Woodrow Wilson
75.8%

You're not logged in!

Compare scores with friends on all Sporcle quizzes.
Sign Up with Email
OR
Log In

You Might Also Like...

Show Comments

Extras

Top Quizzes Today


Score Distribution

Your Account Isn't Verified!

In order to create a playlist on Sporcle, you need to verify the email address you used during registration. Go to your Sporcle Settings to finish the process.

Report this User

Report this user for behavior that violates our Community Guidelines.

Details: